000 00522nam a2200193Ia 4500
008 131103s9999 xx 000 0 und d
020 _cRs.25.00
040 _aLoreto College
041 _aEnglish
082 _aCHBK
_b#NAME?
100 _aEliot, George
245 4 _aThe mill on the floss
_cGeorge Eliot
260 _aNew Delhi
_bMadhuban Educational Books
_c1997
300 _a128p.
_b ill.
_c 20cm.
440 _aMadhuban supplementary readers
650 _aCHBK - 1
850 _aLCLIB/CHBK - 1/ELI
942 _cBK
999 _c31118
_d81597